| 000 | 00503nam a22001577a 4500 | ||
|---|---|---|---|
| 003 | ASAB | ||
| 005 | 20180827062835.0 | ||
| 008 | 180510t xxu||||| |||| 00| 0 eng d | ||
| 040 | _cASAB | ||
| 100 |
_aNaureen Ehsan-Sup-Dr. Sheeba Murad _93871 |
||
| 245 |
_aTH-MS-Expression analysis of TLR4 and TNF-a in Breast Cancer _cNaureen Ehsan ilahi-Sup-Dr. Sheeba Murad |
||
| 260 |
_aIslamabad _bASAB (NCVI) _c2012 |
||
| 300 |
_axiv, 124 P _b30 cm |
||
| 630 |
_aVirology and Immunology _93872 |
||
| 942 |
_2ddc _cTH |
||
| 999 |
_c480836 _d480836 |
||